000 00571nam a2200205Ia 4500
003 OSt
005 20230324094200.0
008 210423s2005 xx 000 0 und d
020 _a761933727
040 _cAL
041 _aeng
082 _a302.230954
_223
_bVILJ
100 _aVILANILAM (J V).
_952787
245 _aMass communication in India: a sociological perspective.
260 _aNew Delhi
_bSage Publications
_c2005
300 _a223
_bPB
365 _b275
_cINR
906 _acommunication ; India: ; Mass ; perspective. ; sociological
942 _2ddc
_cBK
999 _c155753
_d155753